Quizzes
Events
Quiz Creation
Community
Videos
Private Events
Remove Ads
Sign In
Join for FREE
Feedback
Dark Mode
Quiz Categories
Sports
Geography
Music
Movies
Television
Just For Fun
Miscellaneous
History
Literature
Language
Science
Gaming
Entertainment
Religion
Holiday
For Kids
Quiz Lab
Recent
Popular Today
Quiz Kudos Today
Editor Picks
Curator Picks
Quizzes by...
Day
Popularity
Type
Ratings
Length
Year
Community
Subscriptions
Recent Discussions
Orange Saloon
Badges
Playlists
Quests
Create
Leaderboards
Showdown
Live 5
Trivia Bingo
Activity
Puzzle Library
Sporcle Events
Private Events
Virtual Trivia
Globe League
Become a Host
Pub Owners
SporcleCon
Opinionation
Our Games
Videos
Blog
Mobile Apps
Partnerships
Remove Ads and Go Orange
Feedback
Geography
Country
Landmarks
City
State
Population
World
Capital
Continent
Flags
Europe
Africa
Asia
South America
North America
Oceania
Border
Canada
United Kingdom
Topography
United States
Geography
Country
Landmarks
City
State
Population
World
Capital
Continent
Flags
Europe
Africa
Asia
South America
North America
Oceania
Border
Canada
United Kingdom
Topography
United States
Random Quiz
Search Sporcle
×
Quiz Lab
Quiz Lab
Geography
Country
Type in answers that appear in a list
Type in answers that appear in a list
Classic
Best Score? Go Orange.
Countries with the highest growth in GDP Stats
Can you name the Countries with the highest growth in GDP?
By
thirteensenses
4m
20 Questions
186 Plays
186 Plays
186 Plays
Comments
Comments
Give Quiz Kudos
Give Quiz Kudos
-
- Ratings
hide this ad
More Info
Replay
Link that replays current quiz
Next Quiz
Link to next quiz in quiz playlist
You Got
0%
They Got
Avg Score
48%
Avg Friend Score
Upgrade to see
Score Distribution
Jump to the score distribution portion of the page
Score
0/20
Timer
04:00
0
Plays Today
Continent
Country
% Correct
Asia
China
94.6%
Asia
India
89.8%
Asia
Vietnam
78.5%
Asia
Bangladesh
62.9%
Asia
Laos
60.8%
Asia
Qatar
53.2%
Asia
Bhutan
44.6%
Africa
Uganda
43%
Asia
Uzbekistan
42.5%
Asia
Turkmenistan
41.9%
Continent
Country
% Correct
Africa
Ethiopia
41.4%
Africa
Democratic Republic of Congo
41.4%
Africa
Morocco
39.8%
Africa
Rwanda
39.2%
Asia
Azerbaijan
38.2%
Asia
Lebanon
36.6%
Asia
Timor-Leste
34.9%
Africa
Liberia
30.6%
Africa
Malawi
30.1%
Africa
Djibouti
23.7%
Quiz Playlist
Details
Report
Send in Message
Add To Playlist
More Info:
Can you name the top 20 countries that experience the greatest increase in GDP in real terms in 2009?
Classic:
Type in answers that appear in a list
Last Updated: Feb 16, 2017
Quiz Scoreboard
CHALLENGE
Sign Up to Join the Scoreboard
Show All
Scores
Hide
Comments
May contain spoilers
Recently Published
TV Characters by Other Roles V
by ghcgh
Television
5m
Decade Duel: World Leaders
by jenniferyan
History
4m
Alphabetical 'K' Countries by Flag Minefield
by ylime102
Geography
3m
More to Explore
Quiz From the Vault
Featured Blog Post
15 Basketball Trivia Facts You Can Be March Mad About
hide this ad
You Might Also Like...
Tags
Continent Quiz
Country Quiz
gdp
Growth
highest
rate
Today's Top Quizzes in Geography
Browse Geography
hide this ad
Today's Top Quizzes in Country
Browse Country
Top Contributed Quizzes in Geography
1
Countries of the World - No Outlines Minefield
2
Least Populated Answer: 'G' Countries
3
Pick 6: Mountains
4
'A' Capitals Crossword
5
Countries of the World: 1800
6
Alphabetical 'L' Countries By Flag Minefield
7
Lietuvos savivaldybės (Lithuanian Municipalities)
8
Pick 6: National Parks
9
Pick 6: US States
10
Alphabetical 'M' Countries By Flag Minefield
Explore More
Trending Topics
Kpop
Anime
NBA
Marvel
Crossword
Harry Potter
Disney
Song
The Office
Pokémon
Country
NFL
Puzzle
Soccer
WWE
hide this ad
More By:
thirteensenses
Quiz
Plays
Rating
Category
Featured
Created
Top 5 UK Cities & Towns Containing Each Letter
2,857
4.33
Geography
Feb 9, 2012
Female Monarchs of Europe
2,442
4.32
History
Feb 21, 2010
Top 5 UK Cities & Towns by each letter, by population
2,019
4.28
Geography
Feb 10, 2012
Royal Houses of Europe
1,470
3.31
History
Feb 13, 2010
Countries with the highest growth in GDP
186
5.00
Geography
May 17, 2010
Go to Creator's Profile
Score Distribution
Quiz Creator Spotlight
thirteensenses
Follow
Send a Message
Quizzes Created
-
Created Quiz Play Count
-
More By This Creator
Popular Quizzes Today
1
Countries of Asia Without Outlines Minefield
2
Find the US States - No Outlines Minefield
3
Pick 6: Fruits
4
The Countries of the World
5
Find the Countries of Europe - No Outlines Minefield
6
Alphabetical 'K' Countries by Flag Minefield
7
US States
8
Find the US States
More Geography Quizzes
All About... Belize
Quiz Lab
Trending Quizzes
Pick 6: Mountains
Pick 6: Harry Potter
Pick 6: Flags
Pick 6: NFL Teams
C Names for Actors
Recently Updated
Adaptations: Name the Title
pecheneg
NWSL Teams
pecheneg
Women's Final Four Teams by Year
bhenderson79
Presidents Quartet II
eogle
Anything But Clue(do)
eogle
Anything But Oceanian Capitals
eogle
Anything But 7
eogle
Anything But Thing
eogle
Word Ladder: February 29
pecheneg
Song Title Questions
pecheneg
Trending Topics
Crossword
Harry Potter
Disney
Kpop
Anime
NBA
Marvel
Pokémon
The Office
Puzzle
Country
WWE
Song
NFL
Soccer
Your Account Isn't Verified!
In order to create a playlist on Sporcle, you need to verify the email address you used during registration. Go to your
Sporcle Settings
to finish the process.
Report this User
Report this user for behavior that violates our
Community Guidelines
.
Details:
Send Report
Go to the Sporcle.com Mobile Site →
Comments